[Event "ROM-ch U10"]
[Site "Baile Felix"]
[Date "2017.02.07"]
[Round "7"]
[White "David, Andrei"]
[Black "Hejja, Adam Peter"]
[Result "1-0"]
[WhiteElo "1110"]
[BlackElo "1233"]
[PlyCount "67"]
[EventDate "2017.02.02"]
[EventType "swiss"]
[EventRounds "9"]
[EventCountry "ROU"]
[SourceTitle "CBM 176 Extra"]
[Source "ChessBase"]
[SourceDate "2017.03.02"]
[SourceVersion "1"]
[SourceVersionDate "2017.03.02"]
[SourceQuality "1"]

1. d4 d5 2. c4 Nf6 3. cxd5 Qxd5 4. Nc3 Qd8 5. Nf3 Bg4 6. Qb3 b6 7. g3 Bxf3 8. exf3 Qxd4 9. Bg2 Nbd7 10. Be3 Qe5 11. f4 Nc5 12. fxe5 Nxb3 13. axb3 Rc8 14. exf6 exf6 15. 0-0 Bd6 16. Bc6+ Ke7 17. Rfe1 Be5 18. Bd4 Kd6 19. Nb5+ Kxc6 20. Nxa7+ Kd5 21. Nxc8 Rxc8 22. Bxe5 fxe5 23. Rad1+ Ke6 24. f4 f6 25. Kf2 Re8 26. fxe5 fxe5 27. Re3 Rf8+ 28. Rf3 Rxf3+ 29. Kxf3 g5 30. g4 c5 31. Ra1 Kd5 32. Ra6 b5 33. Ra7 Kd4 34. Rd7# 1-0

[Event "ROM-ch U10"]
[Site "Calimanesti Caciulata"]
[Date "2016.04.22"]
[Round "6"]
[White "Marina, Matei Octavian"]
[Black "David, Andrei"]
[Result "1-0"]
[WhiteElo "1527"]
[BlackElo "1183"]
[PlyCount "57"]
[EventDate "2016.04.18"]
[EventType "swiss"]
[EventRounds "9"]
[EventCountry "ROU"]
[SourceTitle "CBM 172 Extra"]
[Source "ChessBase"]
[SourceDate "2016.06.21"]
[SourceVersion "1"]
[SourceVersionDate "2016.06.21"]
[SourceQuality "1"]

1. e4 e6 2. d4 d5 3. Nd2 Nf6 4. Bd3 c5 5. Ngf3 b6 6. c3 Ba6 7. Bxa6 Nxa6 8. Qa4+ Qd7 9. Qxa6 b5 10. e5 Ng4 11. h3 Nh6 12. 0-0 Rb8 13. dxc5 Bxc5 14. b4 Rb6 15. Qa3 Be7 16. Qb3 0-0 17. Nd4 Rc8 18. N2f3 Nf5 19. Nxf5 exf5 20. Bb2 Rbc6 21. Rad1 Rc4 22. Rd4 R8c6 23. Rxc4 dxc4 24. Qd1 Qd3 25. Qxd3 cxd3 26. Rd1 Rd6 27. exd6 Bxd6 28. Rxd3 Be7 29. Rd7 1-0

[Event "ROM-ch U10"]
[Site "Calimanesti Caciulata"]
[Date "2016.04.20"]
[Round "3"]
[White "David, Andrei"]
[Black "Lapusneanu, Vlad"]
[Result "1-0"]
[WhiteElo "1183"]
[BlackElo "1022"]
[PlyCount "60"]
[EventDate "2016.04.18"]
[EventType "swiss"]
[EventRounds "9"]
[EventCountry "ROU"]
[SourceTitle "CBM 172 Extra"]
[Source "ChessBase"]
[SourceDate "2016.06.21"]
[SourceVersion "1"]
[SourceVersionDate "2016.06.21"]
[SourceQuality "1"]

1. d4 d5 2. c4 e6 3. Nf3 c5 4. e3 Nf6 5. Nc3 Nc6 6. Bd2 dxc4 7. dxc5 Bxc5 8. Bxc4 0-0 9. 0-0 b6 10. Qc2 Bb7 11. Rfd1 Nb4 12. Qb3 Bxf3 13. gxf3 Qe7 14. a3 Nc6 15. Rac1 Rfd8 16. Qc2 Rd6 17. Nb5 Rd7 18. b4 Bd6 19. Bxe6 Qxe6 20. Qxc6 h6 21. Qxa8+ Kh7 22. Qc6 Qe5 23. f4 Qe7 24. Bc3 Qe6 25. Rxd6 Rxd6 26. Qxd6 Qxd6 27. Nxd6 Nd7 28. Nxf7 Kg8 29. Ne5 Nxe5 30. fxe5 Kf7 1-0

[Event "ROM-ch U08"]
[Site "Calimanesti"]
[Date "2015.04.02"]
[Round "5"]
[White "Baltateanu, David Stefan"]
[Black "David, Andrei"]
[Result "0-1"]
[WhiteElo "1001"]
[BlackElo "1127"]
[PlyCount "32"]
[EventDate "2015.03.30"]
[EventType "swiss"]
[EventRounds "9"]
[EventCountry "ROU"]
[SourceTitle "CBM 165 Extra"]
[Source "ChessBase"]
[SourceDate "2015.04.21"]
[SourceVersion "1"]
[SourceVersionDate "2015.04.21"]
[SourceQuality "1"]

1. e4 e5 2. Nf3 Nc6 3. Bc4 Bc5 4. Nc3 Nf6 5. Ng5 0-0 6. 0-0 h6 7. Nf3 d6 8. d3 Bg4 9. Bd2 Nd4 10. h3 Bh5 11. Ne2 Bxf3 12. gxf3 Nxf3+ 13. Kg2 Nh4+ 14. Kg1 Qd7 15. Ng3 Qxh3 16. Re1 Qg2# 0-1